| 000 | 00661cam a2200145 4500500 | ||
|---|---|---|---|
| 005 | 20260111142325.0 | ||
| 041 | _afre | ||
| 042 | _adc | ||
| 100 | 1 | 0 |
_aMoureau, François _eauthor |
| 245 | 0 | 0 | _aSamuel Baudry et Denis Reynaud (dir.), Nouvelles Formes du discours journalistique au 18e siècle. Lettres au rédacteur, nécrologies, querelles médiatiques, Lyon, PUL, coll. « Littérature idéologies », 2018. |
| 260 | _c2021. | ||
| 500 | _a9 | ||
| 786 | 0 | _nDix-huitième siècle | 53 | 1 | 2021-06-28 | p. XLVIII-XLVIII | 0070-6760 | |
| 856 | 4 | 1 | _uhttps://shs.cairn.info/revue-dix-huitieme-siecle-2021-1-page-XLVIII?lang=fr&redirect-ssocas=7080 |
| 999 |
_c1635942 _d1635942 |
||